Visualizzazione normale
Vista MARC
- Klejne H.
di Personal Name
Records bibliografici associati: 1
001 - CONTROL NUMBER
- control field: 24762
003 - CONTROL NUMBER IDENTIFIER
- control field: IT-RoPau
005 - DATE AND TIME OF LATEST TRANSACTION
- control field: 20140512223642.0
008 - FIXED-LENGTH DATA ELEMENTS
- fixed length control field: 140512|| aca||aabn | a|a d
040 ## - CATALOGING SOURCE
- Original cataloging agency: IT-RoPau
- Transcribing agency: IT-RoPau
100 ## - HEADING--PERSONAL NAME
- Personal name: Klejne H.
- Dates associated with a name: Codice autore musica SPICS: 25439
- Relator term: Autore musica
- Name of part/section of a work: Big Beatland
670 ## - SOURCE DATA FOUND
- Source citation: Work cat.: (IT-RoPau)102485: AA.VV. 794, Z Archiwum Polskiego Beatu vol. 2 (Lp Sx 2199)